| 000 | 00884nam a2200265 a 4500 | ||
|---|---|---|---|
| 001 | 000018796 | ||
| 003 | DO-SdBNP | ||
| 005 | 20250621074006.0 | ||
| 008 | 100519s2010 dr 001 0 spa d | ||
| 020 | _a9789945163445 | ||
| 040 |
_aDO-SdBNP _bspa _cBNPHU |
||
| 082 |
_a320.97293 _bP979p |
||
| 100 | 1 |
_aPuig, Max _935839 |
|
| 245 | 1 | 0 |
_aPensar la nación / _cMax Puig ; prólogo Héctor Otero Cruz. |
| 260 |
_aSanto Domingo : _bBúho, _c2010. |
||
| 300 |
_a426 p. ; _c23 cm. |
||
| 500 | _aIncluye datos biográficos del autor en la contracubierta | ||
| 500 | _aIncluye índice onomástico. | ||
| 590 | _aInventariado, 2018/LP | ||
| 650 | 4 |
_aDiarios dominicanos _xSecciones, columnas, etc. _944 |
|
| 651 | 0 |
_aRepública Dominicana _xPolítica y gobierno _945 |
|
| 700 | 1 |
_aOtero Cruz, Héctor _epról. _919641 |
|
| 910 | _aValidado. Control de calidad EMS | ||
| 942 |
_2ddc _cLBS1 |
||
| 999 |
_c18316 _d18316 |
||